01825nam a2200181 4500999001900000008004100019100003000060245009000090260000900180300001500189520121200204650001901416700002701435773004501462906001601507942001201523952010801535 c509904d509904190701b ||||| |||| 00| 0 eng d aAli, Bruns Susannah96701 aRetirement planning decisions: choices between defined and defined contribution plans c2019 ap.218-235. aAs states move toward offering defined contribution retirement plans as an alternative or addition to traditional defined benefit pensions, they need to consider the preferences and long-term consequences for different groups of employees. This study looks at which plan employees choose when given the option of either a defined contribution or defined benefit plan. The strongest driver of that choice is education level where the most educated prefer defined contribution plans and the least educated stay in defined benefit plans. A unique contribution of this study is that we include region of origin as a study and determine that cultural differences influence plan selection. The study also explores the role of sex, age, and tenure. Challenging other studies on financial planning, these findings indicate that sex and age are not significant factors. This research was conducted using data from more than 4,000 employees from Florida International University and an interview with HR professionals. By understanding retirement preferences in a more nuanced way, we can better craft our approaches to retirement security and financial literacy training in public sector organizations. - Reproduced. aPensions96702 aFrank, Howard A.96703 aAmerican Review of Public Administration aRetirement  2ddccAR 00102ddc40709383851aIIPAbIIPAd2019-07-01h49(2), Feb, 2019: p.218-235.pAR120005r2019-07-01yAR